• 首页
  • 本馆介绍
  • 公告通知
  • 最新文献
  • 馆藏检索
  • 电子资源
  • 读者导购
  • 参考咨询
  • 我的图书馆
  • 登录
  • 详细信息显示
  • 放入我的书架
  • 预约/预借图书
  • 作者相关作品
  • 分类相关作品
  • 丛书相关作品
  • 出版社相关作品

书目信息

  • 表格格式
  • 工作单格式
  • 卡片格式
题名:
“生活即教育”巨浪回澜
    
 
作者: 吕正之 主编
分册:  
出版信息: 北京   语文出版社  1999
页数: 218页
开本: 20cm
丛书名:
单 册:
中图分类: G40-092.6 , G639.21-53
科图分类:
主题词: 生活教育 , 教育改革--中学--中国--文集 , 教育改革
电子资源:
ISBN: 7-80126-601-3
000 00840nam0 2200289 450
001 1554294016
005 20150205150516.54
010    @a7-80126-601-3@dCNY11.20
100    @a20000229d1999 emky0chiy0110 ea
101 0  @achi
102    @aCN@b110000
105    @ay z 000yy
200 1  @a“生活即教育”巨浪回澜@9“ sheng huo ji jiao yu ” ju lang hui lan@f吕正之主编
210    @a北京@c语文出版社@d1999
215    @a218页@d20cm
300    @a封面题:吕正之等著
600  0 @a陶行知@f(1891~1946)@x生活教育@x文集
600  0 @2CT@3S073316@a陶行知@f(1891~1946)
606 0  @a生活教育
606 0  @a教育改革@x中学@y中国@x文集
606 0  @a教育改革
610 0  @a回澜中学
690    @aG40-092.6@v5
690    @aG639.21-53@v5
701  0 @a吕正之@9lv zheng zhi@4主编
801  0 @aCN@bTSSF@c20150205
905    @aZUCC@dG40-092.6@eJY6
    
    “生活即教育”巨浪回澜/吕正之主编.-北京:语文出版社,1999
    218页;20cm
    封面题:吕正之等著
    
    ISBN 7-80126-601-3:CNY11.20
    
●
相关链接 在E读中查询图书 在五车中查询图书 在当当中查询图书 在豆瓣中查询图书


正题名:"生活即教育"巨浪回澜     索取号:G40-092.6/JY6         预约/预借

序号 登录号 条形码 馆藏地/架位号 状态 备注
1 7865939   278659391   学院路分馆/ [索取号:G40-092.6/JY6] 在馆    
唐山师范学院图书馆 欢迎您!
大连网信软件有限公司© 版权所有